000 00784nam a2200229 a 4500
001 000006239
005 20260205113239.0
008 090827s1985 dr 001 0 spa d
040 _aDO-SdBNP
_bspa
_cBNPHU
082 _a364
_bC117r
100 1 _aCabral Ortega, Héctor A.
_917194
245 1 0 _aReflexiones criminológicas /
_cHéctor A. Cabral Ortegas.
260 _aSanto Domingo :
_bOficina Nacional de Administración y Personal,
_c1985.
300 _a93 p. ;
_c21 cm.
490 1 _aEstudios jurídicos
_v31
504 _aIncluye referencias bibliográficas y notas al pie de las páginas.
504 _aBibliografía: p. 87-89.
650 0 _aCriminología
_917089
830 0 _aEstudios jurídicos
_v31
_98442
910 _aValidado. Control de calidad BNPHU
049 _aBNPD
999 _c6034
_d6034